Представление документа в формате MARC21

Поле Инд. ПП Название Значение
Тип записи a
Библиографический уровень m
001 Контрольный номер RU/LIBMSTU/313843376
005 Дата корректировки 20140505130940.4
008 Кодируемые данные 091211|||||||||ru |||||||||||000|||rus||
020 a ISBN 978-5-699-30406-6
c Цена, тираж 370-00
040 b Код языка каталог. rus
041 a Код языка текста mul
084 a Индекс другой классификации/Индекс ББК 81.2Англ-43+65я2
090 a Полочн. индекс 81.2Англ-4
x Авторский знак К 78
100 1_ a Автор Кравченко Н. В.
245 10 a Заглавие Бизнес-лексика
b Продолж. заглавия англо-русский, русско-английский словарь
260 a Место издания Москва
b Издательство Эксмо
c Дата издания 2008
300 a Объем 671 с.
440 a Серия Иностранный для бизнеса
440 _0 a Серия СДМ-Банк
650 a Основная рубрика Англо-русские словари
650 14 a Основная рубрика Русско-английские словари
650 14 a Основная рубрика Экономика-Словари
653 a Ключевые слова Английский язык
a Ключевые слова Бизнес
653 1_ a Ключевые слова Словари русско-английские по бизнесу
653 1_ a Ключевые слова Словари англо-русские по бизнесу
653 1_ a Ключевые слова Словари
901 t Тип документа m